| 000 | 00714nam a2200265Ia 4500 | ||
|---|---|---|---|
| 003 | OSt | ||
| 005 | 20220924125855.0 | ||
| 006 | a|||||r|||| 00| 0 | ||
| 007 | ta | ||
| 008 | 220923b |||||||| |||| 00| 0 urd d | ||
| 024 | _a329915 | ||
| 037 | _cTextual | ||
| 040 |
_aARTS _cARTS _burd |
||
| 041 |
_2urd _aurd |
||
| 082 | _aU45, 164K9 | ||
| 100 |
_aHarvi Maail Au. _9198878 |
||
| 245 | 0 | _aJografiya-ye Hafiz Abru | |
| 260 |
_aTehran _bIntisharat-e-buniyad-e-farhung-e-Iran Iran _c1969 |
||
| 300 |
_a162p. _ccm. |
||
| 650 | _a PERSIAN LANGUAGE | ||
| 650 | _a POPULATION | ||
| 650 | _aGEOGRAPHY | ||
| 942 |
_hU45, 164K9 _cTEXL _2CC |
||
| 999 |
_c423586 _d423586 |
||